<?xml version="1.0" encoding="UTF-8"?><?xml-stylesheet type="text/xsl" href="static/style.xsl"?><OAI-PMH xmlns="http://www.openarchives.org/OAI/2.0/" xmlns:xsi="http://www.w3.org/2001/XMLSchema-instance" xsi:schemaLocation="http://www.openarchives.org/OAI/2.0/ http://www.openarchives.org/OAI/2.0/OAI-PMH.xsd"><responseDate>2026-04-13T13:17:36Z</responseDate><request verb="GetRecord" identifier="oai:www.recercat.cat:10459.1/46421" metadataPrefix="marc">https://recercat.cat/oai/request</request><GetRecord><record><header><identifier>oai:recercat.cat:10459.1/46421</identifier><datestamp>2024-12-05T22:52:16Z</datestamp><setSpec>com_2072_3622</setSpec><setSpec>col_2072_479130</setSpec></header><metadata><record xmlns="http://www.loc.gov/MARC21/slim" xmlns:dcterms="http://purl.org/dc/terms/" xmlns:xsi="http://www.w3.org/2001/XMLSchema-instance" xmlns:doc="http://www.lyncode.com/xoai" xsi:schemaLocation="http://www.loc.gov/MARC21/slim http://www.loc.gov/standards/marcxml/schema/MARC21slim.xsd">
   <leader>00925njm 22002777a 4500</leader>
   <datafield ind2=" " ind1=" " tag="042">
      <subfield code="a">dc</subfield>
   </datafield>
   <datafield ind2=" " ind1=" " tag="720">
      <subfield code="a">Martínez Casasnovas, José Antonio</subfield>
      <subfield code="e">author</subfield>
   </datafield>
   <datafield ind2=" " ind1=" " tag="720">
      <subfield code="a">Agelet Fernández, J.</subfield>
      <subfield code="e">author</subfield>
   </datafield>
   <datafield ind2=" " ind1=" " tag="720">
      <subfield code="a">Arnó Satorra, Jaume</subfield>
      <subfield code="e">author</subfield>
   </datafield>
   <datafield ind2=" " ind1=" " tag="720">
      <subfield code="a">Bordes Aymerich, Xavier</subfield>
      <subfield code="e">author</subfield>
   </datafield>
   <datafield ind2=" " ind1=" " tag="720">
      <subfield code="a">Ramos Martín, Ma. C. (Ma. Concepción)</subfield>
      <subfield code="e">author</subfield>
   </datafield>
   <datafield ind2=" " ind1=" " tag="260">
      <subfield code="c">2013-01-25T09:17:26Z</subfield>
   </datafield>
   <datafield ind2=" " ind1=" " tag="260">
      <subfield code="c">2013-01-25T09:17:26Z</subfield>
   </datafield>
   <datafield ind2=" " ind1=" " tag="260">
      <subfield code="c">2010</subfield>
   </datafield>
   <datafield ind2=" " ind1=" " tag="520">
      <subfield code="a">En este trabajo se presenta un protocolo para la zonificación intraparcelaria de la viña con la finalidad de vendimia selectiva. Se basa en la adquisición de una imagen multiespectral detallada en el momento del envero, a partir de la cual se obtiene el índice de vegetación de la diferencia normalizada (NDVI). Este índice se clasifica en áreas de vigor alto y bajo mediante un proceso de clasificación no supervisada (algoritmo ISODATA). Las zonas resultantes se generalizan y se transfieren al monitor de cosecha de una máquina vendimiadora para realizar la recolección selectiva. La uva recolectada según este protocolo en parcelas control ha mostrado diferenciación en cuanto a parámetros de calidad como el pH, la acidez total, el contenido de polifenoles y el color. La imagen multiespectral utilizada fue adquirida por el satélite Quickbird-2. Los datos de calidad de la uva fueron muestreados según una malla regular de 5 filas por 10 cepas, procediendo a un test estadístico de rangos múltiples para analizar la separación de medias de las variables analizadas en cada zona de NDVI.</subfield>
   </datafield>
   <datafield ind2=" " ind1=" " tag="520">
      <subfield code="a">This work presents a protocol for intrafield vineyard zoning with the objective of selective harvesting. It is based on the acquisition of a high spatial resolution multi-spectral image at ripening, from which the normalized difference vegetation index (NDVI) is computed. The NDVI is classified in areas of low and high vigour by means of an unsupervised classification algorithm (ISODATA). The resulting zones are generalized and input in the yield monitor of the harvesting machine that carries out the selective harvesting. The harvested grapes according to this protocol in sample fields have shown differences in juice quality parameters such as probable alcoholic degree, total acidity, anthocians and phenolics content. A Quickbird-2 image was used in this project. Grapes were sampled in regular matrix of 5 rows x 10 vines. A multiple rang test was performed to the data to determine the separation of means in each NDVI zone.</subfield>
   </datafield>
   <datafield ind2=" " ind1=" " tag="520">
      <subfield code="a">Este trabajo ha sido realizado en el marco del proyecto de investigación AGL2005-00091/AGR del&#xd;
Ministerio de Ciencia e Innovación.</subfield>
   </datafield>
   <datafield ind1="8" ind2=" " tag="024">
      <subfield code="a">http://hdl.handle.net/10459.1/46421</subfield>
   </datafield>
   <datafield tag="653" ind2=" " ind1=" ">
      <subfield code="a">Viticultura de precisión</subfield>
   </datafield>
   <datafield tag="653" ind2=" " ind1=" ">
      <subfield code="a">NDVI</subfield>
   </datafield>
   <datafield tag="653" ind2=" " ind1=" ">
      <subfield code="a">Clasificación no supervisada</subfield>
   </datafield>
   <datafield tag="653" ind2=" " ind1=" ">
      <subfield code="a">Monitor de cosecha</subfield>
   </datafield>
   <datafield tag="653" ind2=" " ind1=" ">
      <subfield code="a">Calidad de la uva</subfield>
   </datafield>
   <datafield tag="653" ind2=" " ind1=" ">
      <subfield code="a">Viticultura</subfield>
   </datafield>
   <datafield tag="653" ind2=" " ind1=" ">
      <subfield code="a">Vinya -- Teledetecció</subfield>
   </datafield>
   <datafield ind2="0" ind1="0" tag="245">
      <subfield code="a">Protocolo para la zonificación intraparcelaria de la viña para vendimia selectiva a partir de imágenes multiespectratrales</subfield>
   </datafield>
</record></metadata></record></GetRecord></OAI-PMH>